00470nam a2200145Ia 4500008004100000020001500041100002100056245008700077260001600164500002400180650001200204942000700216952008400223999001700307230524s9999 xx 000 0 und d a8126506067 aMike O''Docherty 0aObject-Oriented Analysis and Design: Understanding System Development with UML 2.0 bWiley India aQuantity Number: 1 aComp-Sc cBK 00104070aTATCLbTATCLcGENd2023-05-24l0p44965r2023-05-24w2023-05-24yBK c50662d50662